Placements de la Roumanie aux Championnats d'Europe - Statistiques

Statistiques générales
  • Ce quiz a été pris 17 fois
    12 depuis la dernière actualisation
  • Le résultat moyen est 3 sur 6
Statistiques - réponses
Hint Réponse % Correct
1984 Phase de groupes
86%
2016 Phase de groupes
86%
2008 Phase de groupes
71%
2024 Huitièmes de finale
57%
2000 Quarts de finale
29%
1996 Phase de groupes
14%
Aucun quiz correspondant
Distribution des résultats
% des personnes avec chaque résultat
Percentile par nombre de réponses
Votre historique - résultats
Vous n’avez pas pris ce quiz depuis la dernière actualisation